Church Growth Leadership Principle: (Record no. 10826)

MARC details
000 -LEADER
fixed length control field 00625nam a2200229 a 4500
001 - CONTROL NUMBER
control field 0001-0826
003 - CONTROL NUMBER IDENTIFIER
control field ELIB.Books
008 - FIXED-LENGTH DATA ELEMENTS--GENERAL INFORMATION
fixed length control field 140827 2010 eng
020 ## - INTERNATIONAL STANDARD BOOK NUMBER
International Standard Book Number KBTS
035 ## - SYSTEM CONTROL NUMBER
System control number (ELIB.Books)0001-0980
092 ## - LOCALLY ASSIGNED DEWEY CALL NUMBER (OCLC)
Classification number Thesis
Item number Aung
100 ## - MAIN ENTRY--PERSONAL NAME
Personal name Aung Aung, Saw
245 ## - TITLE STATEMENT
Title Church Growth Leadership Principle:
Remainder of title Reflection on Zalon Dike Inn Church
260 ## - PUBLICATION, DISTRIBUTION, ETC. (IMPRINT)
Place of publication, distribution, etc. KBTS; Insein
Name of publisher, distributor, etc. Karen Baptist Theological Seminary
Date of publication, distribution, etc. 2010
300 ## - PHYSICAL DESCRIPTION
Dimensions 29.7 Cm
650 ## - SUBJECT ADDED ENTRY--TOPICAL TERM
Topical term or geographic name as entry element Thesis
856 ## - ELECTRONIC LOCATION AND ACCESS
Name of location of host KBTS; Library
Uniform Resource Identifier <a href="KBTS; Elib.">KBTS; Elib.</a>
942 ## - ADDED ENTRY ELEMENTS (KOHA)
Source of classification or shelving scheme Dewey Decimal Classification
Koha item type Books
990 ## - EQUIVALENCES OR CROSS-REFERENCES [LOCAL, CANADA]
Link information for 9XX fields 1
998 ## - LOCAL CONTROL INFORMATION (RLIN)
Cataloger's initials, CIN (RLIN) bat
-- 2014-08-27
Holdings
Withdrawn status Lost status Source of classification or shelving scheme Damaged status Not for loan Home library Current library Date acquired Total Checkouts Barcode Date last seen Bill Date Koha item type
    Dewey Decimal Classification     Karen Baptist Theological Seminary Library Karen Baptist Theological Seminary Library 27/08/2014   25-2010 B.Th 22/01/2022 22/01/2022 Books
Implemented & Customized by: BestBookBuddies

Powered by Koha